Szczegóły MARC21

Przewodnik po muzeach zachodniopomorskich = Führer durch pommersche Museen /

003 -Nazwa inst., której nr kontr. jest w polu 001 [,]
    • @
    • Nazwa instytucji, której n kontrolny jest w polu 001
    • NUKAT
005 -DATA I CZAS OSTATNIEJ MODYFIKACJI [,]
    • @
    • pole kontrolne
    • 20241231090114.0
020 -Międzynarod. znormalizowany nr książki - ISBN [ , ]
    • a
    • Numer ISBN
    • 8386136138 Find
040 -Instytucja sporządzająca opis [ , ]
    • a
    • Instytucja, która sporządziła opis (NP)
    • TOR U/KC
    • c
    • Instytucja, która sporządziła rekord (NP)
    • TOR U/KC
    • d
    • Instytucja, która zmodyfikowała rekord (P)
    • TOR U/AP
    • d
    • Instytucja, która zmodyfikowała rekord (P)
    • WA U/tls
    • d
    • Instytucja, która zmodyfikowała rekord (P)
    • WR O/KK
041 -Język dokumentu [0, ]
    • a
    • Język tekstu (P)
    • polski
    • a
    • Język tekstu (P)
    • niemiecki
942 -Rodzaj dokumentu [ , ]
    • c
    • Rodzaj dokumentu
    • Książka
245 -Strefa tytułu i oznaczenia odpowiedzialności [0,0]
    • a
    • Tytuł
    • Przewodnik po muzeach zachodniopomorskich = Find
    • b
    • Ciąg dalszy tytułu (NP)
    • Führer durch pommersche Museen / Find
    • c
    • Pozostałe elementy strefy tytułu i oznaczenia odpowiedzialności (NP)
    • [red. Genowefa Horoszko przy współpr.: Marta Poszumska, Maciej Maciejowski ; tł. Stanisław Horoszko] ; Zachodniopomorski Oddział Stowarzyszenia Muzealników Polskich, Muzeum Narodowe w Szczecinie.
246 -Wariant tytułu [3,1]
    • a
    • Tytuł (NP)
    • Führer durch pommersche Museen
260 -Strefa adresu wydawniczego [ , ]
    • a
    • Miejsce wydania (P)
    • Szczecin :
    • b
    • Nazwa wydawcy (P)
    • Zachodniopomorski Oddział Stowarzyszenia Muzealników Polskich,
    • c
    • Data wydania (P)
    • 2001.
300 -Strefa opisu fizycznego [ , ]
    • a
    • Określenie formy książki i/lub objętość (NP)
    • 88 s. :
    • b
    • Oznaczenie ilustracji (NP)
    • il. kolor. ;
    • c
    • Format (NP)
    • 21 cm.
336 -Typ zawartości [ , ]
    • a
    • Termin opisujący typ zawartości
    • Tekst
    • b
    • Kod określający zawartość
    • txt
    • 2
    • Źródło (terminu i kodu)
    • rdacontent
337 -Typ mediów [ , ]
    • a
    • Tryb odtwarzania
    • Bez urządzenia pośredniczącego
    • b
    • Kod typu mediów
    • n
    • 2
    • Źródło (terminu i kodu)
    • rdamedia
338 -Typ/rodzaj nośnika [ , ]
    • a
    • Hasło opisujące typ nośnika
    • Wolumin
    • b
    • Kod typu nośnika
    • nc
    • 2
    • Źródło (terminu i kodu)
    • rdacarrier
504 -Uwaga dot. bibliogr. załącznikowej [ , ]
    • a
    • Uwaga dot. bibliografii załącznikowej
    • Bibliogr. przy niektórych rozdz.
546 -Uwaga dot. języka [ , ]
    • a
    • Uwaga dot. języka
    • Równol. tekst pol. i przekł. niem.
080 -Uniwersalna Klasyfikacja Dziesiętna [ , ]
    • a
    • Symbol klasyfikacji
    • 069(438-31)Pomorze(036)(084.1)=84=30
080 -Uniwersalna Klasyfikacja Dziesiętna [ , ]
    • a
    • Symbol klasyfikacji
    • :069.5(036)(084.1)=84=30
650 -Hasło przedmiotowe [ ,7]
    • a
    • Hasło przedmiotowe
    • Muzea
    • z
    • Określnik geograficzny
    • Polska
    • z
    • Określnik geograficzny
    • Zachodniopomorskie, Województwo (1999- )
    • v
    • Określnik formalny
    • przewodniki.
    • 2
    • Źródło terminu
    • kaba
    • 9
    • KHW
    • 665157
980 -Symbol UKD [ , ]
    • a
    • UKD
    • 069(438-31)Pomorze:069.5](036)(084.1)=84=30
700 -Hasło dodatkowe - nazwa osobowa [1, ]
    • a
    • Nazwa osobowa (NP)
    • Horoszko, Stanisław. Find
    • e
    • Określenie rodzaju współpracy
    • Tł.
    • 9
    • KHW
    • 609358
700 -Hasło dodatkowe - nazwa osobowa [1, ]
    • a
    • Nazwa osobowa (NP)
    • Maciejowski, Maciej Find
    • d
    • Daty biograficzne (NP)
    • (1972- ).
    • e
    • Określenie rodzaju współpracy
    • Red.
    • 9
    • KHW
    • 46761
700 -Hasło dodatkowe - nazwa osobowa [1, ]
    • a
    • Nazwa osobowa (NP)
    • Poszumska, Marta. Find
    • e
    • Określenie rodzaju współpracy
    • Red.
    • 9
    • KHW
    • 566335
700 -Hasło dodatkowe - nazwa osobowa [1, ]
    • a
    • Nazwa osobowa (NP)
    • Horoszko, Genowefa Find
    • d
    • Daty biograficzne (NP)
    • (1957- ).
    • e
    • Określenie rodzaju współpracy
    • Red.
    • 9
    • KHW
    • 42565
920 -ISBN [ , ]
    • a
    • ISBN
    • 83-86136-13-8 Find
Numer inwentarzowy Status udost. Data inwentaryzacji Lokalizacja Sygnatura
Z.10061812003-08-26BGZ.100618